00342nam a2200109Ia 4500008004100000082000800041100002400049245004300073942000600116952009500122999001500217240331s9999 xx 000 0 und d bTAM aSanmugampillai . ed 0aTamilaga naatuppura makkalin paadalkal cL 001040708LaWERCLbWERCLcSSCd2024-03-31l0o 398 TAMp1580r2024-03-31w2024-03-31yL c3638d3638